[Event "Hastings Challengers 1990/91"]
[Site "Hastings"]
[Date "1990.12.28"]
[Round "1"]
[White "Formanek, Edward W"]
[Black "Suba, Mihai"]
[Result "0-1"]
[WhiteElo "2320"]
[BlackElo "2520"]
[PlyCount "92"]
[EventDate "1990.12.28"]
[EventType "swiss"]
[EventRounds "10"]
[EventCountry "ENG"]
[SourceTitle "BritBase"]
[Source "John Saunders"]
[SourceDate "2024.07.22"]
[SourceVersion "1"]
[SourceVersionDate "2024.07.22"]
[SourceQuality "1"]

1. e4 c5 2. Nf3 d6 3. d4 Nf6 4. Nc3 cxd4 5. Nxd4 e6 6. g4 e5 7. Bb5+ Bd7 8.
Bxd7+ Qxd7 9. Nf5 h5 10. g5 Nxe4 11. Nxg7+ Bxg7 12. Nxe4 d5 13. Nc3 e4 14. Nxd5
Nc6 15. Nf6+ Bxf6 16. Qxd7+ Kxd7 17. gxf6 Nd4 18. Kd1 Ke6 19. Be3 Nf3 20. Ke2
Kxf6 21. Rad1 Ke6 22. Bf4 Rhd8 23. Ke3 f5 24. c3 Rac8 25. Ke2 a6 26. Ke3 Nh4
27. Ke2 Ng2 28. Bg5 Rxd1 29. Rxd1 h4 30. f4 h3 31. Rd4 b5 32. a4 Rc4 33. Rd8 b4
34. Ra8 bxc3 35. Rxa6+ Kd7 36. Ra8 Kc6 37. bxc3 Rxc3 38. Kd2 Ra3 39. Re8 Rxa4
40. Re6+ Kd5 41. Re5+ Kd4 42. Bf6 Ra2+ 43. Kc1 Kc4 44. Rxf5 e3 45. Re5 e2 46.
Kb1 Rd2 0-1

[Event "Hastings Challengers 1990/91"]
[Site "Hastings"]
[Date "1990.12.28"]
[Round "1"]
[White "Franklin, Michael J"]
[Black "Denis, Laurent"]
[Result "1-0"]
[WhiteElo "2330"]
[BlackElo "2230"]
[Annotator "Cafferty, Bernard"]
[PlyCount "39"]
[EventDate "1990.12.28"]
[EventType "swiss"]
[EventRounds "10"]
[EventCountry "ENG"]
[SourceTitle "BritBase"]
[Source "John Saunders"]
[SourceDate "2024.07.22"]
[SourceVersion "1"]
[SourceVersionDate "2024.07.22"]
[SourceQuality "1"]

1. d4 Nf6 2. Nf3 c5 3. e3 e6 4. Bd3 Be7 5. O-O O-O 6. c3 d5 7. Nbd2 Nc6 8. Qe2
b6 9. Re1 Bb7 10. dxc5 Bxc5 11. h3 Re8 ({Better is} 11... Qc7 {, keeping f7
guarded.}) 12. e4 e5 13. exd5 Nxd5 14. Ne4 Bf8 15. Bg5 f6 $2 {The losing move,
opening up the c4-f7 diagonal to his king.} 16. Rad1 $1 fxg5 17. Nfxg5 h6 18.
Qh5 $1 Nce7 ({Or} 18... hxg5 19. Nxg5 {with an early mate.}) 19. Qf7+ Kh8 20.
Qe6 $1 {Source: Birmingham Mail, 12 January 1991} (20. Qe6 {Only now does
Black see} Qc8 21. Nf7+ Kg8 22. Nxh6+ Kh8 23. Qg8+ Nxg8 24. Nf7+ Kh7 25. Neg5#)
1-0

[Event "Hastings Challengers 1990/91"]
[Site "Hastings"]
[Date "1990.12.28"]
[Round "1"]
[White "Ledger, Andrew J"]
[Black "Coleman, David J"]
[Result "0-1"]
[WhiteElo "2350"]
[BlackElo "2235"]
[PlyCount "46"]
[EventDate "1990.12.28"]
[EventType "swiss"]
[EventRounds "10"]
[EventCountry "ENG"]
[SourceTitle "BritBase"]
[Source "John Saunders"]
[SourceDate "2024.07.22"]
[SourceVersion "1"]
[SourceVersionDate "2024.07.22"]
[SourceQuality "1"]

1. d4 Nf6 2. Nf3 g6 3. Bg5 Ne4 4. Bh4 Bg7 5. Nbd2 d5 6. e3 c5 7. c3 Nxd2 8.
Qxd2 b6 9. dxc5 bxc5 10. Bb5+ Bd7 11. Qxd5 Bxb5 12. Qxa8 O-O 13. Qe4 Qa5 14.
O-O-O Nc6 15. Rd5 Nb4 16. cxb4 Qxa2 17. Ne5 f5 18. Qf3 Qa1+ 19. Kc2 Ba4+ 20.
Kd3 Qxb2 21. Rc1 Qxc1 22. Rxc5 Rd8+ 23. Rd5 Bb5+ {Source: BCM, February 1991,
p54} 0-1

[Event "Hastings Challengers 1990/91"]
[Site "Hastings"]
[Date "1990.12.28"]
[Round "1"]
[White "Luce, Sebastien"]
[Black "Jowett, Peter E"]
[Result "1-0"]
[WhiteElo "2415"]
[BlackElo "2265"]
[PlyCount "61"]
[EventDate "1990.12.28"]
[EventType "swiss"]
[EventRounds "10"]
[EventCountry "ENG"]
[SourceTitle "BritBase"]
[Source "John Saunders"]
[SourceDate "2024.07.22"]
[SourceVersion "1"]
[SourceVersionDate "2024.07.22"]
[SourceQuality "1"]

1. c4 f5 2. Nc3 Nf6 3. g3 g6 4. Bg2 Bg7 5. e3 O-O 6. Nge2 d6 7. d3 e5 8. Bd2 c6
9. Rc1 Be6 10. b4 Qd7 11. O-O d5 12. Na4 Na6 13. Qc2 dxc4 14. dxc4 Rfd8 15.
Rfd1 Qd3 16. Qxd3 Rxd3 17. b5 Nc7 18. Nc5 Ra3 19. Bb4 Rxa2 20. Nc3 Bxc4 21.
Nxa2 Bxa2 22. Nxb7 Nxb5 23. Bxc6 Nc7 24. Ba5 Ne6 25. Rd2 Bb3 26. Nc5 Rb8 27.
Rb2 Nxc5 28. Rxc5 Ne4 29. Rxb3 Rxb3 30. Bd5+ Kf8 31. Rc8+ {Source: StarBase 4.
56} 1-0

[Event "Hastings Challengers 1990/91"]
[Site "Hastings"]
[Date "1990.12.28"]
[Round "1"]
[White "Mestel, A Jonathan"]
[Black "Sakhatova, Gulnara->Sachs"]
[Result "1-0"]
[WhiteElo "2505"]
[BlackElo "2315"]
[PlyCount "91"]
[EventDate "1990.12.28"]
[EventType "swiss"]
[EventRounds "10"]
[EventCountry "ENG"]
[SourceTitle "BritBase"]
[Source "John Saunders"]
[SourceDate "2024.07.22"]
[SourceVersion "1"]
[SourceVersionDate "2024.07.22"]
[SourceQuality "1"]

1. c4 Nf6 2. Nf3 e6 3. g3 Be7 4. Bg2 O-O 5. O-O d5 6. b3 c5 7. e3 Nc6 8. Bb2 b6
9. Qe2 Bb7 10. Rd1 Qc7 11. Nc3 Rad8 12. Rac1 Rfe8 13. cxd5 exd5 14. d4 Nb4 15.
Nb5 Qb8 16. dxc5 bxc5 17. Be5 Qc8 18. a3 Nc6 19. Bxf6 gxf6 20. Nh4 Na5 21. b4
Nc4 22. Nxa7 Qb8 23. Nf5 Bf8 24. Nb5 Bc8 25. Rxd5 Ne5 26. Rxd8 Rxd8 27. Be4
cxb4 28. axb4 Ng6 29. Nfd4 Ba6 30. Qh5 Re8 31. Nc7 Rxe4 32. Nxa6 Qa8 33. b5 Re5
34. Qg4 f5 35. Nxf5 Rxb5 36. Nh6+ Kg7 37. Nc7 Qa3 38. Rd1 Rc5 39. Nf5+ Kg8 40.
Nd5 Rc6 41. Qd4 Qb3 42. Ra1 Rc4 43. Nf6+ Kh8 44. Qd5 Rb4 45. Qxb3 Rxb3 46. Ra7
1-0

[Event "Hastings Challengers 1990/91"]
[Site "Hastings"]
[Date "1990.12.28"]
[Round "1"]
[White "Relange, Eloi"]
[Black "Conquest, Stuart C"]
[Result "0-1"]
[WhiteElo "2280"]
[BlackElo "2460"]
[PlyCount "54"]
[EventDate "1990.12.28"]
[EventType "swiss"]
[EventRounds "10"]
[EventCountry "ENG"]
[SourceTitle "BritBase"]
[Source "John Saunders"]
[SourceDate "2024.07.22"]
[SourceVersion "1"]
[SourceVersionDate "2024.07.22"]
[SourceQuality "1"]

1. e4 c5 2. Nc3 Nc6 3. g3 g6 4. Bg2 Bg7 5. d3 d6 6. f4 Rb8 7. Nf3 b5 8. O-O b4
9. Ne2 Nh6 10. h3 Qb6 11. c3 f5 12. Kh2 O-O 13. e5 dxe5 14. fxe5 Nf7 15. d4 Rd8
16. Qb3 Na5 17. Qc2 b3 18. axb3 Nxb3 19. Ra3 Nxc1 20. Rxc1 Bh6 21. Rb1 Bb7 22.
Nd2 Bxg2 23. Kxg2 Qc6+ 24. Nf3 cxd4 25. Qa4 Qe4 26. Re1 Rxb2 27. Ra2 dxc3 0-1

[Event "Hastings Challengers 1990/91"]
[Site "Hastings"]
[Date "1990.12.28"]
[Round "1"]
[White "Roberts, Paul E"]
[Black "Thompson, Ian D"]
[Result "1-0"]
[WhiteElo "2015"]
[BlackElo "2160"]
[PlyCount "63"]
[EventDate "1990.12.28"]
[EventType "swiss"]
[EventRounds "10"]
[EventCountry "ENG"]
[SourceTitle "BritBase"]
[Source "John Saunders"]
[SourceDate "2024.07.22"]
[SourceVersion "1"]
[SourceVersionDate "2024.07.22"]
[SourceQuality "1"]

1. e4 e6 2. d4 d5 3. Nd2 Nf6 4. e5 Nfd7 5. f4 c5 6. Ndf3 Nc6 7. Ne2 Qb6 8. g3
cxd4 9. Nexd4 Nxd4 10. Nxd4 Nb8 11. c3 Nc6 12. Bb5 Bd7 13. O-O Bc5 14. Bxc6
Bxc6 15. Rf2 O-O 16. Be3 a5 17. b3 Kh8 18. a3 Qa7 19. Qd3 Bd7 20. b4 Bb6 21. a4
Rac8 22. b5 Rc4 23. Raa2 Rfc8 24. Rfc2 f6 25. Bf2 fxe5 26. fxe5 Qb8 27. Kg2 Qc7
28. Nf3 Bxf2 29. Ng5 g6 30. Rxf2 Rxc3 31. Qf1 Qc5 32. Rf7 {Source: Ian Thompson
} 1-0

[Event "Hastings Challengers 1990/91"]
[Site "Hastings"]
[Date "1990.12.28"]
[Round "1"]
[White "Serper, Grigory"]
[Black "Harley, Andrew D"]
[Result "1-0"]
[WhiteElo "2485"]
[BlackElo "2280"]
[PlyCount "81"]
[EventDate "1990.12.28"]
[EventType "swiss"]
[EventRounds "10"]
[EventCountry "ENG"]
[SourceTitle "BritBase"]
[Source "John Saunders"]
[SourceDate "2024.07.22"]
[SourceVersion "1"]
[SourceVersionDate "2024.07.22"]
[SourceQuality "1"]

1. c4 e5 2. g3 Nc6 3. Bg2 g6 4. Nc3 Bg7 5. d3 d6 6. e4 Nge7 7. Nge2 O-O 8. O-O
f5 9. Nd5 h6 10. Be3 Nd4 11. Nxd4 exd4 12. Nxe7+ Qxe7 13. Bd2 c6 14. Qb3 fxe4
15. Bxe4 Kh7 16. Rae1 Qf7 17. f4 Bf5 18. Bb4 Qd7 19. Bxf5 gxf5 20. Qd1 c5 21.
Bd2 Kg6 22. Qf3 Rae8 23. b4 Rxe1 24. Rxe1 Re8 25. Rxe8 Qxe8 26. b5 a6 27. bxa6
bxa6 28. Kf2 Qa4 29. g4 Qxa2 30. gxf5+ Kxf5 31. Qd5+ Kg6 32. Ke2 Qa4 33. f5+
Kh7 34. Qf7 Qc6 35. Qg6+ Kh8 36. f6 Bxf6 37. Qxf6+ Kg8 38. Qe6+ Kh7 39. Qxh6+
Kg8 40. Qe6+ Kh8 41. Qe4 1-0

[Event "Hastings Challengers 1990/91"]
[Site "Hastings"]
[Date "1990.12.29"]
[Round "2"]
[White "Clarke, Thomas M"]
[Black "Sadler, Matthew D"]
[Result "0-1"]
[WhiteElo "2215"]
[BlackElo "2470"]
[PlyCount "86"]
[EventDate "1990.12.28"]
[EventType "swiss"]
[EventRounds "10"]
[EventCountry "ENG"]
[SourceTitle "BritBase"]
[Source "John Saunders"]
[SourceDate "2024.07.22"]
[SourceVersion "1"]
[SourceVersionDate "2024.07.22"]
[SourceQuality "1"]

1. e4 c5 2. Nf3 d6 3. d4 cxd4 4. Nxd4 Nf6 5. Nc3 a6 6. Bc4 e6 7. O-O b5 8. Bb3
Bb7 9. Qf3 Nbd7 10. Re1 Nc5 11. Bg5 Be7 12. Rad1 O-O 13. Qh3 Nfxe4 14. Nxe4
Bxe4 15. Bxe7 Qxe7 16. f4 Qf6 17. Qe3 d5 18. Rd2 Rfc8 19. c3 Rab8 20. Bc2 Bxc2
21. Nxc2 Ne4 22. Rd4 a5 23. a3 g6 24. Re2 Kg7 25. g4 Nd6 26. Qh3 h5 27. Ne3 Rh8
28. g5 Qd8 29. a4 Qb6 30. Kg2 bxa4 31. Qf3 a3 32. bxa3 Rhc8 33. Rd3 Ne4 34. c4
dxc4 35. Nxc4 Rxc4 36. Rxe4 Rc2+ 37. Re2 Qb2 38. Rde3 Rbc8 39. Rxc2 Rxc2+ 40.
Kg3 Rxh2 41. Rb3 Qa2 42. Rb7 h4+ 43. Kg4 Qc2 0-1

[Event "Hastings Challengers 1990/91"]
[Site "Hastings"]
[Date "1990.12.29"]
[Round "2"]
[White "Conquest, Stuart C"]
[Black "Harari, Zaki"]
[Result "0-1"]
[WhiteElo "2460"]
[BlackElo "2270"]
[PlyCount "75"]
[EventDate "1990.12.28"]
[EventType "swiss"]
[EventRounds "10"]
[EventCountry "ENG"]
[SourceTitle "BritBase"]
[Source "John Saunders"]
[SourceDate "2024.07.22"]
[SourceVersion "1"]
[SourceVersionDate "2024.07.22"]
[SourceQuality "1"]

1. e4 e5 2. Nf3 Nc6 3. Bb5 a6 4. Ba4 Nf6 5. O-O Be7 6. Re1 b5 7. Bb3 d6 8. c3
O-O 9. h3 Na5 10. Bc2 c5 11. d4 Qc7 12. Nbd2 cxd4 13. cxd4 Nc6 14. d5 Nb4 15.
Bb1 a5 16. Nh2 Bd7 17. a3 Na6 18. f4 Rfc8 19. Ndf1 Nc5 20. g4 Ne8 21. Ng3 a4
22. Ba2 Bh4 23. Qf3 Nf6 24. Nhf1 b4 25. Bd2 bxa3 26. bxa3 Qb6 27. Kh1 Nb3 28.
Bxb3 axb3 29. g5 Ne8 30. f5 Rc2 31. Bb4 Bxg5 32. Ne2 b2 33. Rab1 Bb5 34. Nfg3
Nf6 35. Nc3 Rf2 36. Qd1 Bf4 37. Rg1 Qe3 38. Qe1 0-1

[Event "Hastings Challengers 1990/91"]
[Site "Hastings"]
[Date "1990.12.29"]
[Round "2"]
[White "Crouch, Colin S"]
[Black "Serper, Grigory"]
[Result "0-1"]
[WhiteElo "2315"]
[BlackElo "2485"]
[PlyCount "64"]
[EventDate "1990.12.28"]
[EventType "swiss"]
[EventRounds "10"]
[EventCountry "ENG"]
[SourceTitle "BritBase"]
[Source "John Saunders"]
[SourceDate "2024.07.22"]
[SourceVersion "1"]
[SourceVersionDate "2024.07.22"]
[SourceQuality "1"]

1. d4 Nf6 2. c4 e6 3. Nc3 Bb4 4. f3 d5 5. a3 Bxc3+ 6. bxc3 c6 7. Qc2 O-O 8. e4
dxe4 9. Bg5 h6 10. Bh4 e3 11. f4 c5 12. Nf3 Nc6 13. Be2 cxd4 14. O-O Qd6 15.
Rad1 Qxf4 16. cxd4 e5 17. Bg3 Qe4 18. Bd3 Nxd4 19. Nxd4 Qxd4 20. Bh7+ Nxh7 21.
Rxd4 exd4 22. Be5 Rd8 23. Rxf7 Kxf7 24. Qxh7 Rg8 25. Bxd4 e2 26. Kf2 Bg4 27.
Ke1 Rae8 28. h3 Bc8 29. Qd3 Re7 30. Qf3+ Kg6 31. g4 Rd8 32. Be3 Rd3 0-1

[Event "Hastings Challengers 1990/91"]
[Site "Hastings"]
[Date "1990.12.29"]
[Round "2"]
[White "Howell, James C"]
[Black "Macieja, Bartlomiej"]
[Result "1-0"]
[WhiteElo "2415"]
[BlackElo "2210"]
[PlyCount "105"]
[EventDate "1990.12.28"]
[EventType "swiss"]
[EventRounds "10"]
[EventCountry "ENG"]
[SourceTitle "BritBase"]
[Source "John Saunders"]
[SourceDate "2024.07.22"]
[SourceVersion "1"]
[SourceVersionDate "2024.07.22"]
[SourceQuality "1"]

1. e4 e5 2. Nf3 Nc6 3. Bb5 Nf6 4. O-O Bc5 5. Nxe5 Nxe4 6. Qe2 Nxe5 7. Qxe4 Qe7
8. Nc3 Ng6 9. Qxe7+ Nxe7 10. Ne4 Bb6 11. Re1 Kf8 12. b4 d5 13. Nc5 c6 14. Bd3
f6 15. Ba3 Kf7 16. b5 Ng6 17. Re3 Ne5 18. Rae1 Bd8 19. bxc6 bxc6 20. Bf1 Rb8
21. d4 Ng6 22. Rb3 Bc7 23. Rxb8 Bxb8 24. Na6 Bf4 25. g3 Bd2 26. Rb1 Rd8 27. Bc5
Rd7 28. Rb8 Bxa6 29. Bxa6 Ne7 30. Ra8 Bc3 31. Kf1 g6 32. Ke2 Nf5 33. Kd3 Be1
34. Ke2 Bc3 35. Kd3 Be1 36. f3 Bf2 37. Bc8 Rc7 38. Rxa7 Rxa7 39. Bxa7 Bg1 40.
Bxf5 gxf5 41. h3 h5 42. Ke2 Ke6 43. Bc5 Kd7 44. c3 Kc7 45. Be7 Kb6 46. Bxf6 Kb5
47. g4 fxg4 48. fxg4 hxg4 49. hxg4 Kc4 50. g5 Kxc3 51. g6 Bxd4 52. Bxd4+ Kxd4
53. g7 1-0

[Event "Hastings Challengers 1990/91"]
[Site "Hastings"]
[Date "1990.12.29"]
[Round "2"]
[White "Lamb, Harry"]
[Black "Luce, Sebastien"]
[Result "0-1"]
[WhiteElo "2205"]
[BlackElo "2415"]
[PlyCount "74"]
[EventDate "1990.12.28"]
[EventType "swiss"]
[EventRounds "10"]
[EventCountry "ENG"]
[SourceTitle "BritBase"]
[Source "John Saunders"]
[SourceDate "2024.07.22"]
[SourceVersion "1"]
[SourceVersionDate "2024.07.22"]
[SourceQuality "1"]

1. Nf3 e6 2. g3 f5 3. Bg2 Nf6 4. O-O b6 5. Ne5 c6 6. d4 Bb7 7. Bg5 d6 8. Nd3
Be7 9. c4 O-O 10. Nc3 d5 11. Qb3 Na6 12. Nf4 Qd7 13. cxd5 exd5 14. Rac1 Kh8 15.
Bxf6 Bxf6 16. e3 Qf7 17. Qc2 g5 18. Nd3 Rae8 19. Ne2 Nb8 20. b4 Ba6 21. Rfd1
Bg7 22. a4 Bc4 23. Rd2 Qe7 24. Qb1 a6 25. Nc3 b5 26. a5 Qd6 27. Nc5 Qh6 28. Re1
Re7 29. Nd1 f4 30. Nb2 fxe3 31. fxe3 g4 32. Nxc4 bxc4 33. Rf2 Rfe8 34. Rf4 Rxe3
35. Ref1 Qh5 36. Qd1 Re2 37. R1f2 Re1+ {Source: StarBase 4.56} 0-1

[Event "Hastings Challengers 1990/91"]
[Site "Hastings"]
[Date "1990.12.29"]
[Round "2"]
[White "Resende, Antonio Carlos"]
[Black "Mestel, A Jonathan"]
[Result "0-1"]
[WhiteElo "2315"]
[BlackElo "2505"]
[PlyCount "84"]
[EventDate "1990.12.28"]
[EventType "swiss"]
[EventRounds "10"]
[EventCountry "ENG"]
[SourceTitle "BritBase"]
[Source "John Saunders"]
[SourceDate "2024.07.22"]
[SourceVersion "1"]
[SourceVersionDate "2024.07.22"]
[SourceQuality "1"]

1. d4 Nf6 2. Nf3 g6 3. Bf4 d6 4. e3 Bg7 5. h3 c5 6. c3 Qb6 7. Qb3 Be6 8. dxc5
Bxb3 9. cxb6 axb6 10. Bb5+ Nbd7 11. Nbd2 Ba4 12. Be2 Nc5 13. O-O O-O 14. Rfc1
Bd7 15. Ne1 Be6 16. a3 Nfe4 17. Nxe4 Nxe4 18. Nf3 Nc5 19. Nd2 Bf5 20. g4 Bd3
21. Kf1 f5 22. b4 Bxe2+ 23. Kxe2 Na4 24. Nb1 Rac8 25. Ra2 Rc4 26. Rac2 Rfc8 27.
gxf5 gxf5 28. Kd3 Kf7 29. f3 e5 30. Bg3 d5 31. Be1 e4+ 32. fxe4 dxe4+ 33. Ke2
Ke6 34. Bd2 Be5 35. Be1 b5 36. Bd2 Nb6 37. Be1 Nd5 38. Bd2 Rg8 39. Be1 f4 40.
exf4 Nxf4+ 41. Kf1 e3 42. h4 Re4 0-1

[Event "Hastings Challengers 1990/91"]
[Site "Hastings"]
[Date "1990.12.29"]
[Round "2"]
[White "Thompson, Ian D"]
[Black "Tuddenham, David"]
[Result "0-1"]
[WhiteElo "2160"]
[BlackElo "1930"]
[PlyCount "74"]
[EventDate "1990.12.28"]
[EventType "swiss"]
[EventRounds "10"]
[EventCountry "ENG"]
[SourceTitle "BritBase"]
[Source "John Saunders"]
[SourceDate "2024.07.22"]
[SourceVersion "1"]
[SourceVersionDate "2024.07.22"]
[SourceQuality "1"]

1. c4 Nf6 2. Nc3 c5 3. g3 Nc6 4. Bg2 g6 5. Nf3 Bg7 6. d4 cxd4 7. Nxd4 O-O 8.
O-O Qb6 9. Nb3 d6 10. Bg5 Re8 11. Qd2 Ne5 12. Bxf6 Bxf6 13. Nd5 Qd8 14. Nxf6+
exf6 15. Rac1 Be6 16. Bxb7 Nxc4 17. Qd4 Ne5 18. Bxa8 Qxa8 19. f3 Bh3 20. Rfe1
g5 21. Nd2 Qb7 22. Ne4 Re6 23. Nf2 g4 24. Nxh3 gxh3 25. Rcd1 f5 26. b3 f4 27.
Qf2 Rg6 28. Rd4 fxg3 29. hxg3 Qb6 30. Red1 f5 31. e3 Qb7 32. Rd5 h5 33. Kh2 h4
34. Kxh3 hxg3 35. Qg1 Nxf3 36. Qxg3 Qh7+ 37. Kg2 Qh2+ {Source: Ian Thompson}
0-1

[Event "Hastings Challengers 1990/91"]
[Site "Hastings"]
[Date "1990.12.29"]
[Round "2"]
[White "Vladimirov, Yevgeniy"]
[Black "Wells, Peter K"]
[Result "1-0"]
[WhiteElo "2575"]
[BlackElo "2415"]
[PlyCount "58"]
[EventDate "1990.12.28"]
[EventType "swiss"]
[EventRounds "10"]
[EventCountry "ENG"]
[SourceTitle "BritBase"]
[Source "John Saunders"]
[SourceDate "2024.07.22"]
[SourceVersion "1"]
[SourceVersionDate "2024.07.22"]
[SourceQuality "1"]

1. d4 Nf6 2. c4 e6 3. Nc3 Bb4 4. Qc2 O-O 5. Bg5 c5 6. e3 h6 7. Bh4 b6 8. dxc5
Bxc5 9. Nf3 Bb7 10. Be2 Be7 11. O-O a6 12. Rfd1 Qc7 13. Rac1 d6 14. Qd2 Rd8 15.
b4 Nbd7 16. Bg3 Nf8 17. Nd4 Rac8 18. b5 Ng6 19. bxa6 Bxa6 20. Ndb5 Qb8 21. Nxd6
Bxd6 22. Bxd6 Qa7 23. Nb5 Bxb5 24. cxb5 Rxc1 25. Qxc1 Qxa2 26. Bf3 Qb3 27. Qc7
Rd7 28. Qxb6 Nh4 29. Qb8+ Kh7 1-0

[Event "Hastings Challengers 1990/91"]
[Site "Hastings"]
[Date "1990.12.30"]
[Round "3"]
[White "Harari, Zaki"]
[Black "Tischbierek, Raj"]
[Result "0-1"]
[WhiteElo "2270"]
[BlackElo "2495"]
[PlyCount "74"]
[EventDate "1990.12.28"]
[EventType "swiss"]
[EventRounds "10"]
[EventCountry "ENG"]
[SourceTitle "BritBase"]
[Source "John Saunders"]
[SourceDate "2024.07.22"]
[SourceVersion "1"]
[SourceVersionDate "2024.07.22"]
[SourceQuality "1"]

1. f4 g6 2. Nf3 Bg7 3. e3 d6 4. Bc4 Nf6 5. O-O O-O 6. Qe1 c5 7. Nc3 d5 8. Be2
d4 9. Nd1 Nc6 10. a3 Nd5 11. Bd3 Rb8 12. Qg3 b5 13. e4 Nxf4 14. Qxf4 c4 15. Nf2
e5 16. Qg3 cxd3 17. Nxd3 f5 18. Ndxe5 Nxe5 19. Nxe5 Qc7 20. Nc6 Rb7 21. Qb3+
Kh8 22. Nb4 fxe4 23. Rxf8+ Bxf8 24. Qd5 Qc5 25. Qxe4 Re7 26. Qd5 Re1+ 27. Kf2
Qe7 28. Qf3 Bb7 29. Nd5 Bxd5 30. Qxd5 Re5 31. Qc6 Rf5+ 32. Kg3 Qe5+ 33. Kh3
Rh5+ 34. Kg4 Qf5+ 35. Kg3 Bd6+ 36. Qxd6 Rg5+ 37. Kh4 Qg4# 0-1

[Event "Hastings Challengers 1990/91"]
[Site "Hastings"]
[Date "1990.12.30"]
[Round "3"]
[White "Harley, Andrew D"]
[Black "Thompson, Ian D"]
[Result "1-0"]
[WhiteElo "2250"]
[BlackElo "2160"]
[PlyCount "87"]
[EventDate "1990.12.28"]
[EventType "swiss"]
[EventRounds "10"]
[EventCountry "ENG"]
[SourceTitle "BritBase"]
[Source "John Saunders"]
[SourceDate "2024.07.22"]
[SourceVersion "1"]
[SourceVersionDate "2024.07.22"]
[SourceQuality "1"]

1. e4 e6 2. d4 d5 3. Nc3 Bb4 4. e5 c5 5. a3 Bxc3+ 6. bxc3 Ne7 7. Qg4 cxd4 8.
Qxg7 Rg8 9. Qxh7 Qc7 10. Ne2 Nbc6 11. f4 Bd7 12. Qd3 dxc3 13. Nxc3 a6 14. Ne2
Nf5 15. h3 O-O-O 16. g4 Nh4 17. Bd2 Kb8 18. Rb1 Rc8 19. Kd1 f6 20. exf6 e5 21.
fxe5 Nxe5 22. Qc3 Bc6 23. Qxe5 Qxe5 24. Bf4 Qxf4 25. Nxf4 d4 26. Rg1 Nf5 27.
Bd3 Ne3+ 28. Kd2 Bb5 29. Rb2 Rcf8 30. g5 Nc4+ 31. Bxc4 Bxc4 32. Rbb1 Kc7 33. h4
Kd6 34. Rbe1 Rf7 35. h5 b5 36. Ng6 Rh7 37. Ne7 Rd8 38. h6 a5 39. g6 Rhh8 40. g7
Rh7 41. g8=Q Bxg8 42. Rxg8 Kd7 43. Rxd8+ Kxd8 44. Nc6+ {Source: Ian Thompson}
1-0

[Event "Hastings Challengers 1990/91"]
[Site "Hastings"]
[Date "1990.12.30"]
[Round "3"]
[White "Luce, Sebastien"]
[Black "Gallagher, Joseph G"]
[Result "1/2-1/2"]
[WhiteElo "2415"]
[BlackElo "2495"]
[PlyCount "73"]
[EventDate "1990.12.28"]
[EventType "swiss"]
[EventRounds "10"]
[EventCountry "ENG"]
[SourceTitle "BritBase"]
[Source "John Saunders"]
[SourceDate "2024.07.22"]
[SourceVersion "1"]
[SourceVersionDate "2024.07.22"]
[SourceQuality "1"]

1. Nf3 Nf6 2. g3 g6 3. Bg2 Bg7 4. O-O O-O 5. d3 d6 6. c3 c5 7. d4 Qc7 8. Na3 a6
9. Re1 b5 10. dxc5 dxc5 11. Bf4 Qb6 12. e4 Bb7 13. Nd2 Nbd7 14. Qe2 e5 15. Be3
Qc7 16. b3 Rac8 17. f3 Nh5 18. Nc2 Bc6 19. a4 f5 20. axb5 axb5 21. Ra2 Ra8 22.
Rea1 Rxa2 23. Rxa2 Nhf6 24. Ne1 fxe4 25. fxe4 Qb7 26. Nd3 Ra8 27. Rxa8+ Qxa8
28. Nxc5 Nxc5 29. Bxc5 Qa1+ 30. Nf1 Qxc3 31. b4 Nd7 32. Qd2 Qc4 33. Qd6 Nxc5
34. Qxc6 Qd4+ 35. Kh1 Nd3 36. h3 Bf8 37. Qe8 1/2-1/2

[Event "Hastings Challengers 1990/91"]
[Site "Hastings"]
[Date "1990.12.30"]
[Round "3"]
[White "Mestel, A Jonathan"]
[Black "Howell, James C"]
[Result "1-0"]
[WhiteElo "2505"]
[BlackElo "2415"]
[Annotator "Mestel, Jonathan"]
[PlyCount "83"]
[EventDate "1990.12.28"]
[EventType "swiss"]
[EventRounds "10"]
[EventCountry "ENG"]
[SourceTitle "BritBase"]
[Source "John Saunders"]
[SourceDate "2024.07.22"]
[SourceVersion "1"]
[SourceVersionDate "2024.07.22"]
[SourceQuality "1"]

1. Nf3 f5 2. g3 Nf6 3. Bg2 g6 4. O-O Bg7 5. d4 O-O 6. Nc3 c6 7. Qd3 b6 8. b4
Bb7 9. Rb1 d5 10. Bf4 Ne4 11. Ne5 Nd7 12. Nxe4 fxe4 13. Qc3 Nxe5 14. Bxe5 Bxe5
15. dxe5 Qc8 16. f3 exf3 17. exf3 Ba6 18. Rfe1 Bc4 19. a3 Qf5 20. f4 g5 21. Re3
gxf4 22. Rf3 Qg5 23. Qd4 c5 24. bxc5 bxc5 25. Qxc5 Qxe5 26. gxf4 Qf6 27. Re1 e6
28. Bh3 Rae8 29. Rxe6 Qa1+ 30. Kf2 Qb2 31. Bf5 $1 Qa1 32. Bxh7+ (32. Qxa7 $1
$18) 32... Kh8 33. Bd3 $4 (33. Bg6 $1) 33... Bxd3 34. Rh6+ $4 Bh7 $4 (34... Kg7
$19) 35. Rxh7+ Kxh7 36. Qc7+ Kg6 37. Rg3+ Kf5 $1 38. Qh7+ $4 (38. Rg5+ Ke6 39.
Re5+ $18) 38... Kxf4 $4 (38... Ke6 $19) 39. Rf3+ Kg4 $4 (39... Kg5 $11) 40.
Qg6+ Kh4 41. Qh6+ Kg4 42. h3# {Source: bulletin; BCM, April 1991, p144} 1-0

[Event "Hastings Challengers 1990/91"]
[Site "Hastings"]
[Date "1990.12.30"]
[Round "3"]
[White "Sadler, Matthew D"]
[Black "Vladimirov, Yevgeniy"]
[Result "1/2-1/2"]
[WhiteElo "2470"]
[BlackElo "2575"]
[PlyCount "79"]
[EventDate "1990.12.28"]
[EventType "swiss"]
[EventRounds "10"]
[EventCountry "ENG"]
[SourceTitle "BritBase"]
[Source "John Saunders"]
[SourceDate "2024.07.22"]
[SourceVersion "1"]
[SourceVersionDate "2024.07.22"]
[SourceQuality "1"]

1. d4 d5 2. c4 dxc4 3. Nc3 Nd7 4. Nf3 Nb6 5. e4 Bg4 6. Be3 Bxf3 7. Qxf3 e6 8.
Qd1 c6 9. Be2 Bd6 10. O-O Ne7 11. a4 a5 12. b3 cxb3 13. Qxb3 Nec8 14. Rab1 Bc7
15. d5 exd5 16. exd5 O-O 17. Bc5 Re8 18. Bf3 Nd7 19. Qa3 Ne5 20. Be2 b6 21. Be3
c5 22. Nb5 Nd6 23. Qb3 Nxb5 24. Bxb5 Qh4 25. h3 Red8 26. Qc3 Qf6 27. Kh1 Qd6
28. Rbd1 Ng6 29. g3 Qe7 30. Bc6 Rab8 31. Rfe1 Qe4+ 32. Kg1 Qf5 33. Kg2 h5 34.
Bc1 Be5 35. Qd3 Qxd3 36. Rxd3 Bd4 37. f4 Kf8 38. Kf3 Ne7 39. g4 hxg4+ 40. hxg4
1/2-1/2